000 00971nam a2200289 i 4500
001 4561318
003 EG-ScBUE
005 20250723083356.0
008 691128t1969 caua f 001 0 eng d
020 _a0805301275
040 _aEG-ScBUE
_beng
_erda
_cEG-ScBUE
_dEG-ScBUE
082 0 4 _a541.3076
_bADA
_222
100 1 _aAdamson, Arthur W.,
_96360
_eauthor.
245 1 0 _aUnderstanding physical chemistry /
_cArthur W. Adamson, University of Southern California.
250 _aSecond edition.
264 1 _aMenlo Park, California :
_bW. A. Benjamin, INC.,
_c[1969]
264 4 _cc1969
300 _axiii, 516 pages :
_billustrations ;
_c24 cm
336 _2rdacontent
_atext
_btxt
337 _aunmediated
_2rdamedia
_bn
338 _avolume
_bnc
_2rdacarrier
500 _aIncludes index.
500 _aIncludes Appendices.
650 7 _aChemistry, Physical and theoretical
_xProblems, exercises, etc.
_96361
_2BUEsh
655 _vReading book
942 _2ddc
_cBB
999 _c11880
_d11880